Pamäť národa

Bibliographic Details
Format: Journal
Language:Slovak
Czech
PhysicalDescription:zv. ilustr., obr. 30 cm
Published: Bratislava Ústav pamäti národa 2004-
ISSN:1336-6297
Subjects:
Online Access:http://www.upn.gov.sk/publikacie/casopis-pamat-naroda/

MARC

LEADER 00000cas a2200000 a 4500
001 vtls008162446
003 SK-MaSNL
005 20260311075634.0
008 050624c20049999xo qr|p 0 b0slo
022 |a 1336-6297 
035 |a (SVKBB03)vtls000209788 
040 |a SNK  |b slo  |c SNK  |d SVKBB  |d SAVUK  |e AACR 
041 0 |a slo  |a cze  |b eng 
043 |a e-cs--- 
044 |a xo  |c SK 
072 7 |a 32  |x Politika  |2 konspekt 
072 7 |a 329  |x Politické strany a hnutia  |2 konspekt 
072 7 |a 323  |x Vnútropolitický vývoj, politický život  |2 konspekt 
072 7 |a 316.3  |x Globálne spoločnosti. Sociálna štruktúra. Sociálne skupiny  |2 konspekt 
072 7 |a 14  |x Filozofické systémy a hľadiská  |2 konspekt 
080 |a 32  |2 2011 
080 |a 329.17  |2 2011 
080 |a 141.82  |2 2011 
080 |a 050  |2 2011 
080 |a (437)  |2 2011 
080 |a 314/316(051)  |2 2011 
210 0 |a Pamäť nár. 
222 0 |a Pamäť národa 
245 0 0 |a Pamäť národa 
260 |a Bratislava  |b Ústav pamäti národa  |c 2004- 
300 |a zv.  |b ilustr., obr.  |c 30 cm 
310 |a 4x ročne 
362 0 |a Okt. 2004- 
500 |a Podnázov: nacizmus a komunizmus vo svojej epoche 
500 |a Redaktori sa menia 
500 |a Evidenčné číslo: EV 3973/10 
500 |a Registračné č. MK SR: 3330/2005 
504 |a Pozn. ; bibliogr. odkazy 
546 |a Text aj v češ. ; res. angl. 
650 0 7 |a politika  |2 SNKPH  |9 968 
650 0 7 |a nacizmus  |2 SNKPH  |9 4473 
650 0 7 |a komunizmus  |2 SNKPH  |9 2152 
650 0 7 |a Policy  |2 SNKPHeng  |9 265829 
650 0 7 |a Nacism  |2 SNKPHeng  |9 274178 
650 0 7 |a Crimes of communism  |2 SNKPHeng  |9 265802 
651 7 |a Československo  |2 SNKPH  |9 21376 
651 7 |a Czechoslovakia  |2 SNKPHeng  |9 265183 
655 7 |a spoločenské časopisy  |2 SNKPH  |9 70515 
655 7 |a Magazines  |2 SNKPHeng  |9 266290 
710 2 |a Ústav pamäti národa  |4 pbl  |9 96526 
852 |a Štátna vedecká knižnica v Banskej Bystrici 
856 4 1 |u http://www.upn.gov.sk/publikacie/casopis-pamat-naroda/ 
910 |a savuk 
910 |a snk 
916 |a 2004-2012, 2013-2014, 2015-2016, 2018, 2019-2020, 2021 
999 |c 9717  |d 11647 
952 |t č. 1-4  |a SNK  |b SNK  |y PREZ  |7 0  |p 17A1087103  |o snkČSB 5707/5/2009 D1  |i snk2013/30433  |8 0  |0 0  |1 0  |4 0  |d 2013-12-12  |l 0  |r 2026-02-21 19:33:16  |w 2026-02-21 
952 |t č. 1-4 + Suppl.  |a SNK  |b SNK  |y PREZ  |7 0  |p 17A1087104  |o snkČSB 5707/6/2010 D1  |i snk2013/30434  |8 0  |0 0  |1 0  |4 0  |d 2013-12-12  |l 0  |r 2026-02-21 19:33:16  |w 2026-02-21 
952 |t č. 1-4  |a SNK  |b SNK  |y PREZ  |7 0  |p 17A1087105  |o snkČSB 5707/7/2011  |i snk2013/30435  |8 0  |f 1  |0 0  |1 0  |4 0  |d 2013-12-12  |l 0  |r 2026-02-21 19:33:20  |w 2026-02-21 
952 |t č. 1-4  |a SNK  |b SNK  |y PREZ  |7 0  |p 17A1087106  |o snkČSB 5707/7/2011 D1  |i snk2013/30436  |8 0  |0 0  |1 0  |4 0  |d 2013-12-12  |l 0  |r 2026-02-21 19:33:20  |w 2026-02-21 
952 |t č. 1-4  |a SNK  |b SNK  |y PREZ  |7 0  |p 17A1087107  |o snkČSB 5707/8/2012  |i snk2013/30437  |8 0  |f 1  |0 0  |1 0  |4 0  |d 2013-12-12  |l 0  |r 2026-02-21 19:33:21  |w 2026-02-21 
952 |t č. október  |a SNK  |b SNK  |y PREZ  |7 0  |p 17A0672041  |o snkČSB 5707/2004  |i snk2010/24196  |8 1  |f 1  |0 0  |1 0  |4 0  |d 2010-11-04  |l 0  |r 2026-02-21 19:55:42  |w 2026-02-21 
952 |t č. 1-4  |a SNK  |b SNK  |y PREZ  |7 0  |p 17A0661977  |o snkČSB 5707/2005  |i snk2010/24198  |8 0  |f 1  |0 0  |1 0  |4 0  |d 2010-11-04  |l 0  |r 2026-02-21 19:55:42  |w 2026-02-21 
952 |t č. 1-4  |a SNK  |b SNK  |y PREZ  |7 0  |p 17A0661978  |o snkČSB 5707/2005 D1  |i snk2010/24202  |8 0  |0 0  |1 0  |4 0  |d 2010-11-04  |l 0  |r 2026-02-21 19:55:42  |w 2026-02-21 
952 |t č. 1-4  |a SNK  |b SNK  |y PREZ  |7 0  |p 17A0661979  |o snkČSB 5707/2006  |i snk2010/24203  |8 0  |f 1  |0 0  |1 0  |4 0  |d 2010-11-04  |l 0  |r 2026-02-21 19:55:43  |w 2026-02-21 
952 |t č. 1-4  |a SNK  |b SNK  |y PREZ  |7 0  |p 17A0661980  |o snkČSB 5707/2006 D1  |i snk2010/24204  |8 0  |0 0  |1 0  |4 0  |d 2010-11-04  |l 0  |r 2026-02-21 19:55:43  |w 2026-02-21 
952 |t č. 1-4  |a SNK  |b SNK  |y PREZ  |7 0  |p 17A0661981  |o snkČSB 5707/2007  |i snk2010/24205  |8 0  |f 1  |0 0  |1 0  |4 0  |d 2010-11-04  |l 0  |r 2026-02-21 19:55:43  |w 2026-02-21 
952 |t č. 1-4  |a SNK  |b SNK  |y PREZ  |7 0  |p 17A0661982  |o snkČSB 5707/2007 D1  |i snk2010/24206  |8 0  |0 0  |1 0  |4 0  |d 2010-11-04  |l 0  |r 2026-02-21 19:55:43  |w 2026-02-21 
952 |t č. 1-4  |a SNK  |b SNK  |y PREZ  |7 0  |p 17A0661983  |o snkČSB 5707/4/2008  |i snk2010/24207  |8 0  |f 1  |0 0  |1 0  |4 0  |d 2010-11-04  |l 0  |r 2026-02-21 19:55:43  |w 2026-02-21 
952 |t č. 1-4  |a SNK  |b SNK  |y PREZ  |7 0  |p 17A0661984  |o snkČSB 5707/4/2008 D1  |i snk2010/24208  |8 0  |0 0  |1 0  |4 0  |d 2010-11-04  |l 0  |r 2026-02-21 19:55:44  |w 2026-02-21 
952 |t č. 1-4  |a SNK  |b SNK  |y PREZ  |7 0  |p 17A0697002  |o snkČSB 5707/5/2009  |i snk2011/7721  |8 0  |f 1  |0 0  |1 0  |4 0  |d 2011-04-05  |l 0  |r 2026-02-21 19:57:08  |w 2026-02-21 
952 |t č. 1-4 + Suppl.  |a SNK  |b SNK  |y PREZ  |7 0  |p 17A0697001  |o snkČSB 5707/6/2010  |i snk2011/7723  |8 0  |f 1  |0 0  |1 0  |4 0  |d 2011-04-05  |l 0  |r 2026-02-21 19:57:08  |w 2026-02-21 
952 |t č. 1-4  |a SNK  |b SNK  |y PREZ  |7 0  |p 17A1525680  |o snkČSB 5707/18/2022  |i snk2025/4626  |8 0  |f 1  |0 0  |1 0  |4 0  |d 2025-03-14  |l 0  |r 2026-02-21 19:57:46  |w 2026-02-21 
952 |t č. 1-4  |a SNK  |b SNK  |y PREZ  |7 0  |p 17A1525681  |o snkČSB 5707/19/2023  |i snk2025/4627  |8 0  |f 1  |0 0  |1 0  |4 0  |d 2025-03-14  |l 0  |r 2026-02-21 19:57:46  |w 2026-02-21 
952 |t č. 1-4  |a SNK  |b SNK  |y PREZ  |7 0  |p 17A1434505  |o snkČSB 5707/15/2019  |i snk2021/7279  |8 0  |f 1  |0 0  |1 0  |4 0  |d 2021-06-17  |l 0  |r 2026-02-21 20:00:22  |w 2026-02-21 
952 |t č. 1-4  |a SNK  |b SNK  |y PREZ  |7 0  |p 17A1434506  |o snkČSB 5707/16/2020  |i snk2021/7280  |8 0  |f 1  |0 0  |1 0  |4 0  |d 2021-06-17  |l 0  |r 2026-02-21 20:00:22  |w 2026-02-21 
952 |t č. 1-4  |a SNK  |b SNK  |y PREZ  |7 0  |p 17A1519796  |o snkČSB 5707/14/2018 D1  |i snk2023/3139  |8 0  |0 0  |1 0  |4 0  |d 2023-02-21  |l 0  |r 2026-02-21 20:02:39  |w 2026-02-21 
952 |t č. 1-4  |a SNK  |b SNK  |y PREZ  |7 0  |p 17A1519797  |o snkČSB 5707/15/2019 D1  |i snk2023/3141  |8 0  |0 0  |1 0  |4 0  |d 2023-02-21  |l 0  |r 2026-02-21 20:02:39  |w 2026-02-21 
952 |t č. 1-4  |a SNK  |b SNK  |y PREZ  |7 0  |p 17A1519798  |o snkČSB 5707/16/2020 D1  |i snk2023/3143  |8 0  |0 0  |1 0  |4 0  |d 2023-02-21  |l 0  |r 2026-02-21 20:02:39  |w 2026-02-21 
952 |t č. október  |a SNK  |b SNK  |y PREZ  |7 0  |p 17A0672042  |o snkČSB 5707/2004 D1  |i snk2010/24197  |8 1  |0 0  |1 0  |4 0  |d 2010-11-04  |l 0  |r 2026-02-21 20:08:52  |w 2026-02-21 
952 |t č. 1-4  |a SNK  |b SNK  |y PREZ  |7 0  |p 17A1465559  |o snkČSB 5707/17/2021  |i snk2023/3081  |8 0  |f 1  |0 0  |1 0  |4 0  |d 2023-02-21  |l 0  |r 2026-02-21 20:12:41  |w 2026-02-21 
952 |t č. 1-4  |a SNK  |b SNK  |y PREZ  |7 0  |p 17A0870846  |o snkČSB 5707/8/2012 D1  |i snk2014/28147  |8 0  |0 0  |1 0  |4 0  |d 2014-12-17  |l 0  |r 2026-02-21 20:42:46  |w 2026-02-21 
952 |t č. 1-4  |a SNK  |b SNK  |y PREZ  |7 0  |p 17A1556695  |o snkČSB 5707/17/2021 D1  |i snk2025/7670  |8 0  |0 0  |1 0  |4 0  |d 2025-05-14  |l 1  |r 2026-04-17 10:48:44  |s 2026-04-16  |w 2026-02-21 
952 |t č. 1-4  |a SNK  |b SNK  |y PREZ  |7 0  |p 17A1556696  |o snkČSB 5707/18/2022 D1  |i snk2025/7672  |8 0  |0 0  |1 0  |4 0  |d 2025-05-14  |l 1  |r 2026-04-17 10:48:40  |s 2026-04-16  |w 2026-02-21 
952 |t č. 1-4  |a SNK  |b SNK  |y PREZ  |7 0  |p 17A1144302  |o snkČSB 5707/9/2013  |i snk2015/18428  |8 0  |f 1  |0 0  |1 0  |4 0  |d 2015-06-12  |l 0  |r 2026-02-21 21:45:52  |w 2026-02-21 
952 |t č. 1-4  |a SNK  |b SNK  |y PREZ  |7 0  |p 17A1144301  |o snkČSB 5707/9/2013 D1  |i snk2015/18430  |8 0  |0 0  |1 0  |4 0  |d 2015-06-12  |l 0  |r 2026-02-21 21:45:52  |w 2026-02-21 
952 |t č. 1-4  |a SNK  |b SNK  |y PREZ  |7 0  |p 17A1144300  |o snkČSB 5707/10/2014  |i snk2015/18431  |8 0  |f 1  |0 0  |1 0  |4 0  |d 2015-06-12  |l 0  |r 2026-02-21 21:45:52  |w 2026-02-21 
952 |t č. 1-4  |a SNK  |b SNK  |y PREZ  |7 0  |p 17A0679690  |o snkČSB 5707/11/2015  |i snk2017/19247  |8 0  |f 1  |0 0  |1 0  |4 0  |d 2017-09-05  |l 0  |r 2026-02-21 21:48:50  |w 2026-02-21 
952 |t č. 1-4  |a SNK  |b SNK  |y PREZ  |7 0  |p 17A0679691  |o snkČSB 5707/11/2015 D1  |i snk2017/19248  |8 0  |0 0  |1 0  |4 0  |d 2017-09-05  |l 0  |r 2026-02-21 21:48:50  |w 2026-02-21 
952 |t č. 1-4  |a SNK  |b SNK  |y PREZ  |7 0  |p 17A0679692  |o snkČSB 5707/12/2016  |i snk2017/19249  |8 0  |f 1  |0 0  |1 0  |4 0  |d 2017-09-05  |l 0  |r 2026-02-21 21:48:50  |w 2026-02-21 
952 |t č. 1-4  |a SNK  |b SNK  |y PREZ  |7 0  |p 17A1382869  |o snkČSB 5707/14/2018  |i snk2019/23096  |8 0  |f 1  |0 0  |1 0  |4 0  |d 2019-09-17  |l 0  |r 2026-02-21 21:52:08  |w 2026-02-21 
952 |t č. 1-4  |a SNK  |b SNK  |y PREZ  |7 0  |p 17A1098304  |o snkČSB 5707/10/2014 D1  |i snk2016/7778  |8 0  |0 0  |1 0  |4 0  |d 2016-03-21  |l 0  |r 2026-02-21 22:09:09  |w 2026-02-21 
952 |t č. 1-4  |a SNK  |b SNK  |y PREZ  |7 0  |p 17A1341686  |o snkČSB 5707/12/2016 D1  |i snk2018/27042  |8 0  |0 0  |1 0  |4 0  |d 2018-12-13  |l 0  |r 2026-02-21 22:14:00  |w 2026-02-21 
952 |t č. 1-4  |a SNK  |b SNK  |y PREZ  |7 0  |p 17A1341687  |o snkČSB 5707/13/2017  |i snk2018/27051  |8 0  |f 1  |0 0  |1 0  |4 0  |d 2018-12-13  |l 0  |r 2026-02-21 22:14:00  |w 2026-02-21 
952 |t č. 1-4  |a SNK  |b SNK  |y PREZ  |7 0  |p 17A1383380  |o snkČSB 5707/13/2017 D1  |i snk2019/32139  |8 0  |0 0  |1 0  |4 0  |d 2019-12-16  |l 0  |r 2026-02-21 22:15:37  |w 2026-02-21 
952 |t 2  |a SNK  |b SNK  |c SNK_KF  |y PREZ  |7 4  |p 17A1559341  |o snkČSB 5707/19/2023 D1  |i snk2026/3994  |h č. 1-4  |8 0  |0 0  |1 0  |2 udc  |4 0  |d 2026-03-20  |l 0  |r 2026-03-20 10:08:06  |w 2026-03-20